Personnages de Retour vers le futur - Trombinoscope - Statistiques

Statistiques générales
  • Ce quiz a été pris 2 796 fois
  • Le résultat moyen est 11 sur 16
Statistiques - réponses
Hint Extra Hint Réponse % Correct
Emmett "Doc" Brown Cliquez sur le bon personnage
97%
Marty McFly Cliquez sur le bon personnage
96%
Einstein Cliquez sur le bon personnage
89%
Lorraine Baines-McFly Cliquez sur le bon personnage
86%
George McFly Cliquez sur le bon personnage
86%
Jennifer Parker Cliquez sur le bon personnage
84%
Buford "Molosse" Tannen Cliquez sur le bon personnage
71%
Linda McFly Cliquez sur le bon personnage
68%
Seamus McFly Cliquez sur le bon personnage
67%
Clara Clayton Cliquez sur le bon personnage
65%
Gerald Strickland Cliquez sur le bon personnage
65%
Griff Tannen Cliquez sur le bon personnage
62%
Dave McFly Cliquez sur le bon personnage
61%
Goldie Wilson Cliquez sur le bon personnage
51%
Biff Tannen Cliquez sur le bon personnage
51%
Douglas J. Needles Cliquez sur le bon personnage
48%
Aucun quiz correspondant
Distribution des résultats
% des personnes avec chaque résultat
Percentile par nombre de réponses
Votre historique - résultats
Vous n’avez pas pris ce quiz